000 01984nam0a2200349 4500
001 RU\NLR\bibl\1713531
005 20260408010612.0
010 _a978-5-7782-1477-4
_9500
021 _aRU
_b2010-90205
_96060
035 _a(NLR Aleph) 001704547
090 _a1241543
_c1241543
100 _a20101214d2010 |||y0rusy50 ca
101 0 _arus
102 _aRU
105 _aa |||||||||
200 1 _aСтратегия устойчивого развития регионов России
_eсборник материалов III Всероссийской научно-практической конференции, 28 сентября 2010 г.
_f[под общ. ред. к.э.н. С.С. Чернова]
210 _aНовосибирск
_cИзд-во НГТУ
_d2010
215 _a445 с.
_cил.
_d21
300 _aВ надзаг.: Центр развития научного сотрудничества
320 _aБиблиогр. в конце докл.
606 1 _aУстойчивого развития концепция
_jСъезды, совещания и т.п.
_yРоссийская Федерация
_92270123
_3RU\NLR\auth\661360677
606 1 _aРегиональная экономика
_jСъезды, совещания и т.п.
_yРоссийская Федерация
_92073469
_3RU\NLR\auth\661248372
686 _aУ9(2)-961-314(2Р)я431
686 _aУ04(2Р)9я431
702 1 _4340
_8rus
_7ca
_aЧернов
_bС. С.
_cканд. экон. наук
_f1979-
_gСергей Сергеевич
_3RU\NLR\AUTH\7768307
_951235
711 1 2 _a"Стратегия устойчивого развития регионов России", всероссийская научно-практическая конференция
_d3
_f2010
_eНовосибирск
_3RU\NLR\AUTH\8810172005
_9839842
801 0 _aRU
_bNLR
_c20101214
_gRCR
801 1 _aRU
_bNLR
_c20101214
942 _cBOOK
980 _aNB